000 00867nam a2200205Ii 4500
003 JO-AjNU
008 230605s9999||||xx |||||||||||||| ||und||
017 _a1987/441
040 _aJO-AjNU
_bara
_erda
_cJO-AjNU
041 _aara
050 1 4 _aPR9340.G7412 1987
100 3 _aتأليف كريفثس، كاريث ؛ ترجمة محمد درويش ؛ مراجعة سلمان داوود الواسطي,
_eauthor
_913846
245 0 0 _aالمنفى المزدوج: الكتابة في إفريقيا والهند الغربية بين ثقافتين
264 3 1 _aبغداد: دار الشؤون الثقافية، 1987
300 _a215ص
336 _atext
_btxt
_2rdacontent
337 _aunmediated
_bn
_2rdamedia
338 _avolume
_bnc
_2rdacarrier
650 4 _aالكتابة - إختلاف الثقافات - إفريقيا - الهند الغربية
_913847
999 _aA3552
_c7120
_d7120